| Record ID | marc_records_scriblio_net/part01.dat:7641695:881 |
| Source | Scriblio |
| Download Link | /show-records/marc_records_scriblio_net/part01.dat:7641695:881?format=raw |
LEADER: 00881cam 2200253 a 4500
001 00031539
003 DLC
005 20010829105926.0
008 000425s2000 mnua f 001 0 eng
010 $a 00031539
020 $a0865735778 (softcover)
040 $aDLC$cDLC$dDLC
050 00 $aTH5607$b.C65 2000
082 00 $a694$221
245 04 $aThe complete guide to home carpentry :$bcarpentry skills & projects for homeowners.
246 30 $aHome carpentry
260 $aMinnetonka, Minn. :$bCreative Pub. International,$cc2000.
300 $a286 p. :$bill. (mostly col.) ;$c28 cm.
500 $aAt head of title: Black & Decker.
500 $aIncludes index.
650 0 $aCarpentry$vAmateurs' manuals.
650 0 $aDwellings$xMaintenance and repair$vAmateurs' manuals.
710 2 $aCreative Publishing International.
710 2 $aBlack & Decker Manufacturing Company (Towson, Md.)